Cinq visages de l'amour

সংরক্ষণ করুন:
গ্রন্থ-পঞ্জীর বিবরন
প্রধান লেখক: Maurois, André
বিন্যাস: গ্রন্থ
ভাষা:Undetermined
প্রকাশিত: New York, Estados Unidos Didier 1942
বিষয়গুলি:
ট্যাগগুলো: ট্যাগ যুক্ত করুন
কোনো ট্যাগ নেই, প্রথমজন হিসাবে ট্যাগ করুন!

MARC

LEADER 00000nam a2200000Ia 4500
008 170316s9999 xx 000 0 und d
040 |a cru BVZT 
090 |a 840 M-16c 
100 |a Maurois, André 
245 |a Cinq visages de l'amour 
260 |a New York, Estados Unidos 
260 |b Didier 
260 |c 1942 
300 |a 252 páginas 
650 |a LITERATURA FRANCESA 
999 |c 7797  |d 7797 
942 |c 15 D  |h 840 M-16c  |2 z